Foundry technology / (Record no. 68522)

000 -LEADER
fixed length control field 00812cam a2200265 a 4500
001 - CONTROL NUMBER
control field 12599266
003 - CONTROL NUMBER IDENTIFIER
control field NUST - PNEC
005 - DATE AND TIME OF LATEST TRANSACTION
control field 20240912112104.0
008 - FIXED-LENGTH DATA ELEMENTS--GENERAL INFORMATION
fixed length control field 011126s2001 enka b 001 0 eng
010 ## - LIBRARY OF CONGRESS CONTROL NUMBER
LC control number 2001280100
020 ## - INTERNATIONAL STANDARD BOOK NUMBER
International Standard Book Number 0750645679
040 ## - CATALOGING SOURCE
Original cataloging agency DLC
Transcribing agency LIBRARY
Modifying agency DLC
050 00 - LIBRARY OF CONGRESS CALL NUMBER
Classification number TS230
Item number .B423 2001
082 ## - DEWEY DECIMAL CLASSIFICATION NUMBER
Classification number 671.2 BEE
100 1# - MAIN ENTRY--PERSONAL NAME
Personal name Beeley, Peter R.
245 10 - TITLE STATEMENT
Title Foundry technology /
Statement of responsibility, etc. Peter Beeley.
250 ## - EDITION STATEMENT
Edition statement 2nd ed.
260 ## - PUBLICATION, DISTRIBUTION, ETC.
Place of publication, distribution, etc. Oxford ;
-- Boston :
Name of publisher, distributor, etc. Butterworth Heinemann,
Date of publication, distribution, etc. 2001.
300 ## - PHYSICAL DESCRIPTION
Extent x, 719 p. :
Other physical details ill. ;
Dimensions 25 cm.
504 ## - BIBLIOGRAPHY, ETC. NOTE
Bibliography, etc. note Includes bibliographical references.
650 #0 - SUBJECT ADDED ENTRY--TOPICAL TERM
Topical term or geographic name entry element Founding.
General subdivision IME, ME
9 (RLIN) 125827
906 ## - LOCAL DATA ELEMENT F, LDF (RLIN)
a 7
b cbc
c origcop
d 2
e ncip
f 20
g y-gencatlg
942 ## - ADDED ENTRY ELEMENTS (KOHA)
Source of classification or shelving scheme
Koha item type Book
Holdings
Withdrawn status Lost status Source of classification or shelving scheme Damaged status Not for loan Permanent Location Current Location Shelving location Date acquired Total Checkouts Full call number Barcode Date last seen Price effective from Koha item type
          Pakistan Navy Engineering College (PNEC) Pakistan Navy Engineering College (PNEC)       671.2 BEE PNECLIB-028334 09/30/2015   Book
© 2023 Central Library, National University of Sciences and Technology. All Rights Reserved.